| 000 | 00451nam a2200169Ia 4500 | ||
|---|---|---|---|
| 003 | GCL | ||
| 008 | 140319s9999 xx 000 0 eng d | ||
| 040 |
_aGCL / _cGCL |
||
| 082 | 0 | 4 |
_a781 _bD L |
| 100 | 1 | _aDALLIN, LEON | |
| 245 | 1 | 0 |
_aLISTENERS GUIDE TO MUSICAL UNDERSTANDING / _cDALLIN, LEON |
| 260 |
_a[S.N] : _bW C B BROUN AND BENCHMSRK PUBBISHERS ، _c1994 |
||
| 300 | _a361 P | ||
| 650 | 0 | 4 | _aMUSIC |
| 650 | 0 | 4 | _aMUSIC - FORMS |
| 942 |
_2ddc _cBK |
||
| 999 |
_c11768 _d11768 |
||